The British in the Middle East / (Record no. 13216)
[ view plain ]
| 000 -LEADER | |
|---|---|
| fixed length control field | 01073cam a2200289 4500 |
| 001 - CONTROL NUMBER | |
| control field | 1338834 |
| 005 - DATE AND TIME OF LATEST TRANSACTION | |
| control field | 19861224000000.0 |
| 008 - FIXED-LENGTH DATA ELEMENTS--GENERAL INFORMATION | |
| fixed length control field | 700318t19701969nyuabc b 001 0 eng |
| 010 ## - LIBRARY OF CONGRESS CONTROL NUMBER | |
| LC control number | 79077744 |
| 040 ## - CATALOGING SOURCE | |
| Original cataloging agency | DLC |
| Transcribing agency | DLC |
| Modifying agency | DLC |
| 043 ## - GEOGRAPHIC AREA CODE | |
| Geographic area code | aw----- |
| -- | e-uk--- |
| 050 00 - LIBRARY OF CONGRESS CALL NUMBER | |
| Classification number | DS63.2.G7 |
| Item number | S4 1970 |
| 082 00 - DEWEY DECIMAL CLASSIFICATION NUMBER | |
| Classification number | 301.2956041 |
| Edition number | 19 |
| Item number | SEA |
| 100 1# - MAIN ENTRY--PERSONAL NAME | |
| Personal name | Searight, Sarah. |
| 9 (RLIN) | 10693 |
| 245 14 - TITLE STATEMENT | |
| Title | The British in the Middle East / |
| Statement of responsibility, etc | Sarah Searight. |
| 260 ## - PUBLICATION, DISTRIBUTION, ETC. (IMPRINT) | |
| Place of publication, distribution, etc | New York, |
| Name of publisher, distributor, etc | Atheneum, |
| Date of publication, distribution, etc | 1970 [c1969] |
| 300 ## - PHYSICAL DESCRIPTION | |
| Extent | xvi, 215 p. |
| Other physical details | illus., maps, ports. |
| Dimensions | 25 cm. |
| 490 0# - Series Statement | |
| Series statement | A Social history of the British overseas |
| 500 ## - GENERAL NOTE | |
| General note | Donations. |
| 500 ## - GENERAL NOTE | |
| General note | Donated By: Alaa Abdel Ghaney. |
| 504 ## - BIBLIOGRAPHY, ETC. NOTE | |
| Bibliography, etc | Bibliography: p. 197-201. |
| 650 #0 - SUBJECT ADDED ENTRY--TOPICAL TERM | |
| Topical term or geographic name as entry element | British |
| Geographic subdivision | Middle East. |
| 9 (RLIN) | 10694 |
| 651 #0 - SUBJECT ADDED ENTRY--GEOGRAPHIC NAME | |
| Geographic name | Middle East |
| General subdivision | Relations |
| Geographic subdivision | Great Britain. |
| 9 (RLIN) | 10695 |
| 651 #0 - SUBJECT ADDED ENTRY--GEOGRAPHIC NAME | |
| Geographic name | Great Britain |
| General subdivision | Relations |
| Geographic subdivision | Middle East. |
| 9 (RLIN) | 10696 |
| 942 ## - ADDED ENTRY ELEMENTS (KOHA) | |
| Source of classification or shelving scheme | Dewey Decimal Classification |
| Item type | Book - Borrowing |
| Withdrawn status | Item status | Source of classification or shelving scheme | Damaged status | Not for loan | Vendor | Home library | Current library | Shelving location | Date acquired | Source of acquisition | Total Checkouts | Total Renewals | Full call number | Barcode | Date last seen | Date last borrowed | Koha item type | Public note |
|---|---|---|---|---|---|---|---|---|---|---|---|---|---|---|---|---|---|---|
| Dewey Decimal Classification | Central Library | Central Library | First floor | 28/01/2010 | 2 | 21 | 301.2956041 SEA | 000019553 | 15/07/2025 | 30/05/2024 | Book - Borrowing | Donated By: Alaa abdel ghaney. |